Zawodnicy Włókniarza Częstochowa (żużel) w latach 2011-2024 - Statystyki

Ogólne statystyki
  • Ten quiz został rozwiązany 157 razy
  • Średni wynik to 29 z 59
Statystyki odpowiedzi
Podpowiedź Odpowiedź % Poprawnych
Dania 2017-2024 Leon Madsen
95%
Polska 2021-2024 Kacper Woryna
89%
Dania 2023-2024 Mikkel Michelsen
89%
Szwecja 2018-2022 Fredrik Lindgren
88%
Australia 2020 Jason Doyle
88%
Rosja 2011 Artiom Łaguta
87%
Rosja 2011-2014 Grigorij Łaguta
87%
Polska 2019-2023 Jakub Miśkowiak
85%
Polska 2023-2024 Maksym Drabik
82%
Słowenia 2017-2019 Matej Zagar
81%
Polska 2023 Franciszek Karczewski
80%
Polska 2013-2014, 2017, 2020 Rune Holta
80%
Dania 2024 Mads Hansen
76%
Rosja 2013 Emil Sajfutdinow
71%
Polska 2023-2024 Kacper Halkiewicz
69%
Polska 2018, 2020-2022 Mateusz Świdnicki
69%
Polska 2019-2020 Paweł Przedpełski
68%
Polska 2018-2019 Adrian Miedziński
67%
Polska 2024 Szymon Ludwiczak
65%
Dania 2013-2014 Michael Jepsen Jensen
62%
Polska 2011-2014, 2016 Artur Czaja
58%
Polska 2021-2022 Bartosz Smektała
57%
Polska 2023-2024 Kajetan Kupiec
55%
Szwecja 2017 Andreas Jonsson
54%
Polska 2014 Grzegorz Walasek
54%
Polska 2011-2014 Rafał Szombierski
54%
Polska 2016-2017 Sebastian Ułamek
51%
Polska 2020-2021 Bartłomiej Kowalski
49%
Wielka Brytania 2012 Chris Harris
48%
Dania 2021-2022 Jonas Jeppesen
46%
Dania 2012 Kenneth Bjerre
46%
Polska 2014, 2016-2017 Oskar Polis
43%
Polska 2017-2019 Michał Gruchalski
42%
Polska 2018 Tobiasz Musielak
42%
Szwecja 2023 Anton Karlsson
37%
Polska 2012-2014, 2016 Hubert Łęgowik
37%
Szwecja 2011 Peter Karlsson
37%
Dania 2014 Peter Kildemand
37%
Dania 2018 Andreas Lyager
35%
Szwecja 2016 Thomas Jonasson
35%
Szwecja 2011-2012 Daniel Nermark
33%
Polska 2012 Grzegorz Zengota
31%
Polska 2012-2014 Mirosław Jabłoński
31%
Polska 2024 Bartosz Śmigielski
29%
Dania 2016 Nicolai Klindt
29%
Polska 2018 Bartosz Świącik
23%
Polska 2016 Daniel Jeleniewski
21%
Polska 2016, 2019 Damian Dróżdż
19%
Szwecja 2016 Jacob Thorssell
19%
Polska 2012-2014 Rafał Malczewski
18%
Polska 2013 Adam Strzelec
15%
Polska 2014 Borys Miturski
15%
Polska 2011-2012 Marcin Bubel
15%
Polska 2017 Karol Baran
14%
Polska 2016 Mateusz Borowicz
11%
Polska 2018 Adrian Woźniak
10%
Polska 2011 Marcel Kajzer
10%
Polska 2016 Rafał Trojanowski
8%
Rosja 2013 Oleg Biesczastnow
7%
Nie znaleziono quizów pasujących do podanych kryteriów
Rozkład punktacji
Procent ludzi z każdym wynikiem
Percentyl według liczby udzielonych odpowiedzi
Twoja historia wyników
Nie rozwiązałeś tego quizu